Central Library OPAC University of Rajshahi

Nine modern poets : (Record no. 19416)

MARC details
000 -LEADER
fixed length control field 00858cam a22002651 4500
001 - CONTROL NUMBER
control field 19416
003 - CONTROL NUMBER IDENTIFIER
rucl marc code BD-RjUL
005 - DATE AND TIME OF LATEST TRANSACTION
control field 20211209000429.0
008 - FIXED-LENGTH DATA ELEMENTS--GENERAL INFORMATION
fixed length control field 140224s1966 enk 001 1 eng
035 ## - SYSTEM CONTROL NUMBER
System control number (BD-RjUL)19476
System control number (OCoLC)6819593
040 ## - CATALOGING SOURCE
Original cataloging agency DLC
Transcribing agency PEdiS
Modifying agency BD-RjUL
Language of cataloging eng
041 ## - LANGUAGE CODE
Language code of text/sound track or separate title eng
082 00 - DEWEY DECIMAL CLASSIFICATION NUMBER
Classification number 821.9108
Author mark and year NIN 1966
245 10 - TITLE STATEMENT
Title Nine modern poets :
Remainder of title an anthology /
Statement of responsibility, etc. selected and edited by E. L. Black.
260 ## - PUBLICATION, DISTRIBUTION, ETC. (IMPRINT)
Place of publication, distribution, etc. London :
Name of publisher, distributor, etc. Macmillan,
Date of publication, distribution, etc. c1966.
300 ## - PHYSICAL DESCRIPTION
Pagination x, 230 p. ;
Size 21 cm.
504 ## - BIBLIOGRAPHY, ETC. NOTE
Bibliography, etc Includes index.
505 0# - FORMATTED CONTENTS NOTE
Formatted contents note W. B. Yeats. -- Wilfred Owen. -- T. S. Eliot. -- John Bejeman. -- W. H. Auden. R. S. Thomas. -- Dylan Thomas. -- Philip Larkin. -- Ted Hughes.
650 #0 - SUBJECT ADDED ENTRY--TOPICAL TERM
Topical term or geographic name as entry element English poetry.
9 (RLIN) 59678
700 1# - ADDED ENTRY--PERSONAL NAME
Personal name Black, Edward Loring,
942 ## - ADDED ENTRY ELEMENTS (KOHA)
Source of classification or shelving scheme Dewey Decimal Classification
Koha item type Books
Holdings
Lost status Source of classification or shelving scheme Damaged status Not for loan Collection code Permanent Location Current Location Shelving location Date acquired Source of acquisition Cost, normal purchase price Total Checkouts Full call number Date last seen Copy number Koha item type
  Dewey Decimal Classification     Fiction Central Library, University of Rajshahi Central Library, University of Rajshahi   23/09/1968 Zeitlinger 9.60   821.9108 NIN 1966 24/02/2014 C-5 Books
  Dewey Decimal Classification     Non-fiction Central Library, University of Rajshahi Central Library, University of Rajshahi   23/09/1968 Zeitlinger 9.00   821.9108 NIN 1966 10/03/2020 C-2 Books
  Dewey Decimal Classification     Non-fiction Central Library, University of Rajshahi Central Library, University of Rajshahi   23/09/1968 Zeitlinger 9.00   821.9108 NIN 1966 10/03/2020 C-3 Books
  Dewey Decimal Classification     Non-fiction Central Library, University of Rajshahi Central Library, University of Rajshahi   23/09/1968 Zeitlinger 9.00   821.9108 NIN 1966 18/03/2020 C-4 Books